| 000 | 01794nam a2200217 i 4500 | ||
|---|---|---|---|
| 001 | 94197 | ||
| 003 | ES-MaACL | ||
| 005 | 20250718153524.0 | ||
| 007 | t| | ||
| 008 | 050630s1957 po ||||1| fre d | ||
| 245 | 0 | 0 |
_aEnquête sur l'anticolonialisme _b= Inquiry on anti-colonialism / _cMinistério do ultramar, Junta de investiaçoes do Ultramar, Centro de Estudos politicos e sociais. |
| 260 |
_a[Lisboa] : _bJunta de Investigações do Ultramar, Centro de Estudos Políticos e Sociais, _c1957 ( _fTip. Minerva) |
||
| 300 |
_a394 p. ; _c27 cm. |
||
| 490 | 1 |
_aEstudos de ciências políticas e sociais ; _v2 |
|
| 505 | 8 | _aContiene: Introduction, by M. M. Sarmento Rodrigues.Le mouvement d'émancipation dans les colonies, par J. Roussier.Les causes des mouvements d'autonomie en Afrique du Nord, par R. Le Tourneau. Las dependencias españolas, por J. Cordero Torres.Developments towards self-government in dependent territories of the United States, by H. Wells.Anti-colonialism in the United States, by E. Mondlane.Self-government movements in Australia and New Zealand in the nineteenth century, C. H. Currey. The expansion of the Portuguese in the overseas in the light of modern anthropology, by J. Dias. Universal and regional organizations in Africa, by J. Moreira da Silva Cunha. The South Pacific and Australia, by A. P. Elkin.-L'évolution politique des anciens territoires coloniaux néerlandais, par Van Helsdingen.Causes of the movements for autonomy and the inependence of Brazil, by H. Vianna. Anti-colonialism in the UNO, by A. Moreira. | |
| 650 | 7 |
_aColonialismo _2embne _911149 |
|
| 710 | 1 |
_aPortugal. _bMinistério do Ultramar. _96245 |
|
| 830 | 0 |
_aEstudos de ciências políticas e sociais ; _v2 _9232135 |
|
| 852 |
_aES-MaACL _jP-776-Bis |
||
| 999 |
_c94197 _d94197 |
||